banner koha

Nutrientes e umidade do solo após a incorporação de biocarvão em um plantio de Eucalyptus benthamii (Registro n. 298453)

MARC details
000 -LÍDER
fixed length control field 04307nab a2200277 i 4500
003 - CÓDIGO MARC DA AGÊNCIA CATALOGADORA
Campo de controle BR-BrBNA
005 - DATA E HORA DA ÚLTIMA ATUALIZAÇÃO
Campo de controle 20240205133819.0
008 - CAMPO DE TAMANHO FIXO
fixed length control field 240205b2018 bl.qr|pooa||| 00| 0 por |
040 ## - FONTE DA CATALOGAÇÃO
Agência catalogadora BR-BrBNA
Idioma da catalogação por
072 ## - CATEGORIA AGRIS
Código AGRIS P35
Código do objeto 3240
100 ## - ENTRADA PRINCIPAL - NOME PESSOAL
Nome pessoal Woiciechowski, Thiago
100 ## - ENTRADA PRINCIPAL - NOME PESSOAL
Nome pessoal Lombardi, Kátia Cylene
100 ## - ENTRADA PRINCIPAL - NOME PESSOAL
Nome pessoal Garcia, Flávio Augusto de Oliveira
100 ## - ENTRADA PRINCIPAL - NOME PESSOAL
Nome pessoal Gomes, Gabriela Schmitz
245 ## - TÍTULO PRINCIPAL
Título principal Nutrientes e umidade do solo após a incorporação de biocarvão em um plantio de Eucalyptus benthamii
500 ## - NOTA GERAL
Nota geral Publicação on-line; 33 ref.; 3 tables; Summaries (En, Pt)
942 ## - ADDED ENTRY ELEMENTS (KOHA)
Koha item type
520 ## - NOTA DE RESUMO
Nota de conteúdo <br/><br/>RESUMO<br/><br/>O objetivo do trabalho foi avaliar as condições nutricionais e de umidade de um solo cultivado com Eu-calyptus benthamii no qual se incorporou biocarvão oriundo da pirólise rápida de uma mistura de madeiras de espécies nativas de Floresta Ombrófila Mista no preparo pré-plantio. O estudo foi desenvolvido em área experimental do Campus da Universidade Estadual do Centro-Oeste, localizada em Irati, Paraná. Foram utilizadas quatro doses de biocarvão, 0, 10, 20 e 40 Mg ha-1, com e sem adubação mineral de 340 Kg ha-1de NPK com 14 Kg de N, 48 Kg de P2O5, 28 Kg de K2O no formulado 4-14-8, em delineamento em blocos ao acaso com quatro repetições. As mudas de Eucalyptus benthamii foram plantadas em espaçamento 3 por 2 metros e após 60 e 180 dias foram avaliados os seguintes atributos do solo: pH, carbono orgânico, teores de P, K, Ca, Mg, Al e a umidade do solo. A aplicação de 40 Mg ha-1 de biocarvão com e sem adubação de base ocasionou aumento do pH e nutrientes devido ao teor de cinzas na constituição do condicionador, e aumento da umidade do solo. A aplicação de biocarvão pode se tornar uma prática positiva com o objetivo de disponibilizar nutrientes para o desenvolvimento inicial da cultura. Entretanto, deve-se a avaliar o efeito da fertilidade, de acordo com as doses aplicadas, uma vez que a disponibilidade de nutrientes diminuiu ao longo do tempo acarretando a necessidade de adubações de cobertura, porém em quantidades menores.<br/><br/>Palavras-chave: fertilidade do solo; cinzas; Eucalipto.
520 ## - NOTA DE RESUMO
Nota de conteúdo <br/><br/>ABSTRACT<br/><br/>The objective of this research was to evaluate the nutritional and moisture conditions of a soil cultivated with Eucalyptus benthamii, in which it was used biochar coming from the fast pyrolysis of a mixture of native species of Mixed Ombrophilous Forest in the preparation of the pre-planting. The study was developed in an experimental area of the State University of the Center-West located in Irati, Paraná state. Four doses of biochar, 0, 10, 20 and 40 Mg ha-1, with and without mineral fertilization of 340 Kg ha-1 of NPK with 14 Kg N, 48 Kg P2O5, 28 Kg K2O in formulation 4-14-8, in a randomized complete block design with four replicates. Eucalyptus benthamii seedlings were planted in spacing 3 x 2 meters and, after 60 and 180 days, the following soil attributes were evaluated: pH, organic carbon, P, K, Ca, Mg, Al contents and soil moisture. The application of 40 Mg ha-1 biochar with and without basic fertilization, caused an increase of pH and nutrients due to the ash content in the constitution of the conditioner, and an increase of the soil moisture. The application of biochar may become a positive practice in order to provide nutrients for the initial development of the crop. However, it is necessary to evaluate the effect of fertility according to the dose applied, since the availability of nutrients may decrease over time, leading to the need for cover fertilization, however in smaller amounts.<br/><br/>Keywords: soil fertility; ash; Eucalyptus.
650 ## - ASSUNTO - THESAGRO
Cabeçalho tópico ou nome geográfico FERTILIDADE DO SOLO
650 ## - ASSUNTO - THESAGRO
Cabeçalho tópico ou nome geográfico CINZA
650 ## - ASSUNTO - THESAGRO
Cabeçalho tópico ou nome geográfico EUCALIPTO
773 0# - ENTRADA ANALÍTICA
Host Biblionumber 4065
Registro do item 198128
Imprenta Santa Maria-RS Universidade Federal de Santa Maria - Centro de Pesquisas Florestais.Departamento de Ciências Florestais. Programa de Pós-Graduação em Engenharia Florestal 1991
Outro identificador 2023-437009
Título Ciência Florestal (Brazil)
ISSN 0103-9954; 1980-5098 (on-line)
Colação v. 28(4) p. 1455-1464; (Oct-Dec 2018)
Número de controle de registro BR2023001544
856 ## - ACESSO E ENDEREÇO ELETRÔNICO
Identificador uniforme de recurso - URI https://www.scielo.br/j/cflo/a/s4B4TPYV67bFjBQD3bsYYZJ/?format=pdf&lang=pt

Nenhum exemplar disponível.

BINAGRI

Telefone: (61)3218-2567/2388/3357/2097 - binagri@agro.gov.br

Ministério da Agricultura e Pecuária , Esplanada dos Ministérios, Bloco D, Anexo B, Brasília/DF, CEP: 70.043-900